| 000 | 01008nam a2200265 a 4500 | ||
|---|---|---|---|
| 003 | DO-SdBNP | ||
| 005 | 20220727134528.0 | ||
| 007 | ta | ||
| 008 | 220727e? dr ad||gr|||| 001 0 spa d | ||
| 040 |
_aDO-SdBNP _bspa _cBNPHU |
||
| 082 | 4 |
_222 _bA864p |
|
| 245 | 1 | 0 |
_aAtención Primaria en salud: _bsituación y retos en la República Dominicana / |
| 260 |
_aSanto Domingo : _bADESA, _c[190?] |
||
| 300 |
_a130 p. : _bil., ; _c28 cm. |
||
| 500 | _aPunto de agenda para un pacto político y social por el Derecho a la Salud | ||
| 504 | _aFuente bibliográfica: 129- 130 | ||
| 590 | _aInventariado 2022 / MF | ||
| 650 | 4 |
_981157 _aAtención primaria de salud |
|
| 650 | 4 |
_910336 _aSeguridad Social _zRepública Dominicana |
|
| 650 | 4 |
_978659 _aCobertura de los Servicios Privados de Salud _zRepública Dominicana |
|
| 650 | 0 |
_911022 _aSistemas de Seguridad Social _yRepública Dominicana |
|
| 710 | 2 |
_aAlianza por el Derecho de la Salud República Dominicana _982106 |
|
| 910 | _aMFeliz | ||
| 942 |
_2ddc _cLBS1 |
||
| 999 |
_c52241 _d52241 |
||